000 00446nam a22001697a 4500
005 20180208113718.0
008 160429b xxu||||| |||| 00| 0 eng d
020 _a9971-51399-4
041 _aeng
082 _b00796
_a005.7585
100 _aAult, Michael
_9229
245 _aOracle 8i: Administration and Management
260 _aNew York
_bJohn wiley & Sons, Inc,
_c2002
300 _a981
650 _aInformation Technology
_9137
942 _cBK
999 _c262
_d262